000 00554nam a22001697a 4500
003 OSt
005 20240930152033.0
008 240930b |||||||| |||| 00| 0 eng d
040 _c0
082 _aDPer 050 R22 2000 June -December 2023 v123 no. 7124-728
100 _aGlover, Richard.
_eauthor.
_961823
245 _aHumour :
_bgood news about housework /
_cRichard Glover.
260 _aTaipei ;
_bReader's Digest Asia,
_cSeptember 2023.
300 _aVolume 123, pages 64-65 ,
_billustration.
700 _aGlover, Richard.
_944088
942 _2ddc
_cPER
999 _c22003
_d22003